000 00707nam a2200229Ia 4500
008 180523s9999 xx 000 0 und d
020 _a0-471-64691-1-1
050 _aMAIN TX 652.5
050 _b.B74 2006
100 _aBrefere, Lisa M.
245 0 _aSo you want to be a chef? :
245 0 _byour guide to culinary careers /
245 0 _cLisa M. Brefere, Karen Eich Drummond, Brad Barnes.
260 _aNew Jersey :
260 _bJohn Wiley & Sons,
260 _c2006
300 _a375 pages :
300 _c28 cm.
500 _aIncludes bibliographical references and index.
650 _aCooks -- Juvenile literature.
650 _xCookery -- Vocational guidance -- Juvenile literature.
999 _c357732
_d357732